Länder mit den meisten Hausbesitzern - Statistiken

Allgemein
  • Dieses Quiz wurde 85 mal gespielt
  • Das Durchschnittsergebnis liegt bei 12 aus 27
Antwortstatistiken
Platz Land Hausbesitzer in % % Korrekt
10. China 89,68%
81%
11. Russland 89%
75%
13. Indien 86,6%
69%
23. Norwegen 80,3%
54%
18. Indonesien 84%
52%
17. Polen 84,2%
52%
25. Thailand 80%
47%
6. Vietnam 90%
47%
22. Estland 81,4%
44%
24. Lettland 80,2%
44%
5. Litauen 90,3%
44%
4. Slowakei 90,9%
43%
20. Serbien 83,3%
41%
9. Kroatien 89,7%
40%
3. Ungarn 91,3%
40%
2. Laos 95,9%
37%
1. Rumänien 96,1%
37%
16. Bulgarien 84,3%
36%
25. Mexiko 80%
36%
15. Nepal 85%
36%
19. Taiwan 83,9%
35%
27. Malta 79,8%
32%
14. Myanmar 85,5%
28%
6. Nordmazedonien 90%
28%
12. Singapur 87,9%
27%
21. Oman 83%
26%
6. Kuba 90%
23%
Keine übereinstimmenden Quizze gefunden
Verteilung der Resultate
Anzahl Personen mit jedem Resultat
Perzentil nach korrekt beantworteten Fragen
Ihre Resultats-Entwicklung
Sie haben dieses Quiz noch nicht gespielt